[Event "14th Dubai Open 2012"]
[Site "Dubai UAE"]
[Date "2012.04.21"]
[Round "7.8"]
[White "Volkov, Sergey"]
[Black "Gopal, G.N."]
[Result "1/2-1/2"]
[WhiteTitle "GM"]
[BlackTitle "GM"]
[WhiteElo "2623"]
[BlackElo "2572"]
[WhiteFideId "4122763"]
[BlackFideId "5015693"]
[EventDate "2012.04.15"]

1. d4 d5 2. c4 c6 3. Nf3 Nf6 4. e3 e6 5. b3 c5 6. cxd5 Nxd5 7. Bb2 cxd4 8. Nxd4
Bb4+ 9. Nd2 O-O 10. a3 Bc3 11. Bxc3 Nxc3 12. Qc2 Nd5 13. Bd3 h6 14. O-O Bd7 15.
Bh7+ Kh8 16. Be4 Nc6 17. Bxd5 Nxd4 18. exd4 exd5 19. Qc5 Bg4 20. Rfe1 Rc8 21.
Qe7 Rc2 22. Nf1 Be6 23. Qxd8 Rxd8 24. b4 g5 25. h3 Rdc8 26. Red1 Kg7 27. Ne3
R2c3 28. b5 Rb3 29. a4 Rcc3 30. g4 Rd3 31. Rdc1 Rbc3 32. Rxc3 Rxc3 33. b6 axb6
34. Rb1 Ra3 35. Rb4 Ra2 36. Kg2 Ra3 37. Kh2 Kf8 38. Kg2 Bd7 39. Rxb6 Bc6 40. Nf5
Rxa4 41. Kg3 Ra6 42. Rb2 Ra4 43. Rb6 Ra6 44. Rb2 b5 45. Nxh6 Bd7 46. Nf5 Bxf5
47. gxf5 Rb6 48. f6 b4 49. Kg4 Rxf6 50. Kxg5 Rb6 51. Kf5 f6 52. Kg6 b3 53. f4
Kg8 54. h4 Kf8 55. h5 Kg8 56. h6 Kh8 57. f5 Kg8 58. h7+ Kh8 59. Kf7 Rb5 60. Kxf6
Kxh7 61. Kf7 Rb7+ 62. Ke6 Rb5 63. Ke7 Kg8 64. Rg2+ Kh7 65. Rb2 Kg8 66. Kf6 Kf8
67. Kg6 Rb4 68. Kf6 Rb6+ 69. Ke5 Rb5 70. Kd6 Kf7 71. Kc6 Rb8 72. Kxd5 Kf6 73.
Kc6 Kxf5 74. d5 Rc8+ 75. Kd7 Ra8 76. d6 Ke5 77. Ke7 Rh8 78. d7 Rh7+ 79. Ke8 Rh8+
80. Ke7 Rh7+ 81. Kd8 Kd6 82. Rd2+ Kc5 83. Kc8 Rxd7 84. Rxd7 Kc4 85. Rb7 Kc3 86.
Rxb3+ Kxb3 1/2-1/2

[Event "14th Dubai Open 2012"]
[Site "Dubai UAE"]
[Date "2012.04.21"]
[Round "7.10"]
[White "Vishnu Prasanna, V"]
[Black "Kuzubov, Yuriy"]
[Result "0-1"]
[WhiteTitle "IM"]
[BlackTitle "GM"]
[WhiteElo "2406"]
[BlackElo "2615"]
[WhiteFideId "5030692"]
[BlackFideId "14112906"]
[EventDate "2012.04.15"]

1. e4 e6 2. d4 d5 3. Nc3 Nc6 4. e5 Nge7 5. f4 b6 6. Nf3 Bb7 7. Be3 Nf5 8. Bf2 h5
9. a3 Qd7 10. Bd3 Be7 11. Qd2 O-O-O 12. O-O Na5 13. Nd1 Kb8 14. b3 Rc8 15. Ne3
Nh6 16. b4 Nc4 17. Nxc4 dxc4 18. Bxc4 Nf5 19. Qe2 Rcg8 20. Bd3 g5 21. fxg5 Bxg5
22. Be4 Bxe4 23. Qxe4 Rh6 24. Rad1 Rhg6 25. Kh1 Bh6 26. Rg1 h4 27. c4 Rg4 28.
Qe2 b5 29. Rd3 bxc4 30. Rc3 Qd5 31. Qxc4 Qxc4 32. Rxc4 Be3 33. Bxe3 Nxe3 34. Rc3
Nxg2 35. Rc2 Nf4 36. Rxg4 Rxg4 37. Ng1 Kb7 38. h3 Rg3 39. Rf2 Nxh3 40. Nxh3
Rxh3+ 41. Kg2 Rg3+ 42. Kh2 Rxa3 43. Rxf7 Rb3 44. Rd7 Rxb4 45. Kh3 a5 46. d5 exd5
47. Rxd5 Kb6 48. Rd8 Re4 49. Re8 a4 50. e6 a3 51. Rb8+ Kc6 52. Ra8 Rxe6 53. Rxa3
Re4 54. Ra5 Kb6 55. Rh5 c5 0-1

[Event "14th Dubai Open 2012"]
[Site "Dubai UAE"]
[Date "2012.04.21"]
[Round "7.11"]
[White "Baklan, Vladimir"]
[Black "Nitin, S."]
[Result "1/2-1/2"]
[WhiteTitle "GM"]
[BlackTitle "IM"]
[WhiteElo "2612"]
[BlackElo "2420"]
[WhiteFideId "14102196"]
[BlackFideId "5018277"]
[EventDate "2012.04.15"]

1. e4 c5 2. c3 d5 3. exd5 Qxd5 4. d4 Nf6 5. Nf3 Bg4 6. Be2 e6 7. h3 Bh5 8. O-O
Nc6 9. Be3 cxd4 10. cxd4 Be7 11. Nc3 Qa5 12. Qb3 Qb4 13. g4 Bg6 14. Ne5 O-O 15.
g5 Qxb3 16. axb3 Nd5 17. Nxd5 exd5 18. Rfc1 Nb4 19. Nxg6 hxg6 20. h4 Bd6 21. Bf3
a5 22. Kg2 Rfe8 23. Bd2 Re7 24. Rc3 Ree8 25. Rh1 Rad8 26. Re3 Rxe3 27. fxe3 Be7
28. Kf1 Nc6 29. Ke2 Kf8 30. Rc1 Ke8 31. Be1 Bb4 32. Bf2 Ke7 33. Rh1 Ke6 34. Bg4+
Ke7 35. Rd1 Ke8 36. Rc1 Ke7 37. Kd3 Bd6 38. Ke2 Nb4 39. Be1 Rh8 40. Bf2 f6 41.
gxf6+ gxf6 42. Bf3 f5 43. Rg1 Kf6 44. Be1 Rh6 45. Rh1 Ke6 46. Bd2 Rh7 47. Rg1
Kf6 48. Rh1 Ke6 49. Rg1 1/2-1/2

[Event "14th Dubai Open 2012"]
[Site "Dubai UAE"]
[Date "2012.04.21"]
[Round "7.17"]
[White "Akshayraj, Kore"]
[Black "Grigoryan, Avetik"]
[Result "1/2-1/2"]
[WhiteTitle "IM"]
[BlackTitle "GM"]
[WhiteElo "2422"]
[BlackElo "2600"]
[WhiteFideId "5012414"]
[BlackFideId "13302191"]
[EventDate "2012.04.15"]

1. d4 d5 2. c4 c6 3. Nf3 e6 4. e3 Bd6 5. Bd3 f5 6. O-O Nf6 7. b3 Qe7 8. Bb2 O-O
9. Qc1 a5 10. Ba3 Bb4 11. c5 Bxa3 12. Qxa3 Ng4 13. Nbd2 e5 14. Nxe5 Nxe5 15.
dxe5 Qxe5 16. Nf3 Qe7 17. Nd4 Nd7 18. Nxf5 Qxc5 19. Qb2 Nf6 20. Rac1 Qb4 21. a3
Qg4 22. f3 Qg5 23. h4 Qh5 24. g4 Qe8 25. Rce1 Bxf5 26. Bxf5 Qe7 27. a4 Rae8 28.
Qd2 Qc7 29. Kg2 Re5 30. Bc2 Rfe8 31. g5 Nd7 32. f4 R5e7 33. Qd3 Nf8 34. Qc3 Qb6
35. e4 dxe4 36. Qc4+ Kh8 37. Rxe4 Rxe4 38. Bxe4 Qe3 39. Bb1 Ng6 40. f5 Rd8 41.
Rf2 Rd2 42. Rxd2 Qxd2+ 43. Kh3 Qe3+ 44. Kg2 Qd2+ 45. Kh3 Qe3+ 46. Kg2 Qd2+ 1/2-1/2

[Event "14th Dubai Open 2012"]
[Site "Dubai UAE"]
[Date "2012.04.21"]
[Round "7.21"]
[White "Arutinian, David"]
[Black "Al Qudaimi, Basheer"]
[Result "1/2-1/2"]
[WhiteTitle "GM"]
[BlackTitle "IM"]
[WhiteElo "2553"]
[BlackElo "2395"]
[WhiteFideId "13601741"]
[BlackFideId "9400346"]
[EventDate "2012.04.15"]

1. c4 e5 2. Nc3 Nf6 3. g3 Bb4 4. Bg2 O-O 5. Nf3 Nc6 6. O-O d6 7. d3 h6 8. Bd2 a5
9. a3 Bc5 10. e3 Bf5 11. Ne1 Qd7 12. Na4 Ba7 13. b4 axb4 14. axb4 Bh3 15. Bc3
Bxg2 16. Kxg2 b5 17. Nb2 bxc4 18. Nxc4 Nd5 19. Qd2 Nxc3 20. Qxc3 Ne7 21. Qb3
Rfb8 22. Nc2 c5 23. Ra4 cxb4 24. Rxb4 Rxb4 25. Qxb4 Bc5 26. Qb2 Qc6+ 27. Kg1 Qd5
28. Qc3 Rc8 29. Ra1 e4 30. Ne1 exd3 31. Qxd3 Qc6 32. Na5 Qa8 33. Nb3 Qb7 34. Rb1
Qa8 35. Nd2 Nc6 36. Qd5 Nb4 37. Qxa8 Rxa8 38. Ne4 Kf8 39. Rd1 Ke7 40. Nd3 Nxd3
41. Rxd3 f5 42. Nc3 Ke6 43. Nd5 Ra1+ 44. Kg2 g5 45. h3 Ra4 46. Rd2 Rc4 47. Kf3
Rc1 48. g4 Rh1 49. Kg2 Ra1 50. Nc7+ Kd7 51. Nb5 Ra5 52. Nd4 Bxd4 53. Rxd4 Ke6
54. Rb4 Ra8 55. Rb7 Rf8 56. Rh7 Rf6 57. Kf1 Ke5 58. Ke2 d5 59. Rh8 f4 60. Re8+
Kd6 61. e4 dxe4 62. Rxe4 Kd5 63. Re8 Ra6 64. Kf3 Ra3+ 65. Kg2 Ra6 66. Re7 Rb6
67. Rf7 Ke4 68. Rf5 Rd6 69. Rf8 Re6 1/2-1/2

[Event "14th Dubai Open 2012"]
[Site "Dubai UAE"]
[Date "2012.04.21"]
[Round "7.22"]
[White "Grover, Sahaj"]
[Black "Ramnath Bhuvanesh, R"]
[Result "1/2-1/2"]
[WhiteTitle "IM"]
[BlackTitle "IM"]
[WhiteElo "2517"]
[BlackElo "2343"]
[WhiteFideId "5021103"]
[BlackFideId "5026598"]
[EventDate "2012.04.15"]

1. d4 Nf6 2. c4 g6 3. Nc3 Bg7 4. e4 d6 5. f3 O-O 6. Nge2 a6 7. Be3 Nc6 8. Qd2
Rb8 9. b3 e6 10. Rc1 Bd7 11. g3 b5 12. cxb5 axb5 13. Bg2 Qc8 14. O-O Qa6 15. Nd1
Ra8 16. Rc2 Qa5 17. Qc1 Nb4 18. Bd2 Nxa2 19. Qb2 b4 20. Ne3 Qa3 21. Rb1 Bb5 22.
Nc4 Qxb2 23. Rbxb2 Nc3 24. Nxc3 bxc3 25. Bxc3 Ra1+ 26. Kf2 Rfa8 27. Ne3 R8a7 28.
Bf1 Bxf1 29. Nxf1 Nd7 30. Ke2 Kf8 31. d5 Bxc3 32. Rxc3 Nc5 33. Rcc2 Ke7 34. b4
Na4 35. Rb3 Nb6 36. Ne3 h5 37. f4 exd5 38. exd5 Kd7 39. Kd3 R7a2 40. Rbc3 Rxc2
41. Rxc2 Rb1 42. Kc3 Re1 43. Kd2 Rb1 44. Kc3 Re1 45. Kd2 Rb1 1/2-1/2

[Event "14th Dubai Open 2012"]
[Site "Dubai UAE"]
[Date "2012.04.21"]
[Round "7.23"]
[White "Atabayev, Maksat"]
[Black "Grigoryan, Karen H."]
[Result "0-1"]
[WhiteTitle "FM"]
[BlackTitle "IM"]
[WhiteElo "2367"]
[BlackElo "2510"]
[WhiteFideId "14001101"]
[BlackFideId "13301004"]
[EventDate "2012.04.15"]

1. e4 c5 2. Nf3 Nc6 3. d4 cxd4 4. Nxd4 g6 5. c4 Nf6 6. Nc3 d6 7. Be2 Nxd4 8.
Qxd4 Bg7 9. O-O O-O 10. Qd1 Be6 11. Be3 Qa5 12. Rc1 a6 13. f3 Rfc8 14. Qa4 Qd8
15. Qb4 a5 16. Qa4 Nd7 17. b3 Nc5 18. Qa3 Qf8 19. Na4 Bh6 20. f4 Nxa4 21. Qxa4
Qd8 22. Qa3 Bd7 23. Rcd1 Qe8 24. Qb2 b5 25. Bd4 bxc4 26. Bxc4 Bb5 27. Bxb5 Qxb5
28. Qf2 Bg7 29. Bxg7 Kxg7 30. Rd5 Qc6 31. Qd4+ Kg8 32. f5 f6 33. Qd2 Kg7 34. h4
a4 35. Qf4 axb3 36. axb3 Qb6+ 37. Kh2 Rc2 38. fxg6 hxg6 39. Rg5 Rc5 40. Rg3 Rh8
41. Qg4 Rh6 42. Rd1 Qb4 43. Re3 Re5 44. Rde1 Reh5 45. g3 Re5 46. Qf3 Rh8 47. Kh3
g5 48. Rd1 Qb8 49. Qg4 Qa7 50. Rf3 Qb7 51. Rd4 Kf7 52. Rf5 gxh4 53. gxh4 Rxf5
54. Qxf5 Qxb3+ 55. Kg4 Rg8+ 56. Kh5 Rh8+ 57. Kg4 Qe3 58. Qd5+ Kf8 59. Rd3 Qe2+
60. Rf3 Rg8+ 61. Kf4 e5+ 62. Kf5 Qxf3+ 63. Ke6 Qg4+ 64. Kxd6 Kg7 65. Ke7 Qg6 66.
h5 Qe8+ 0-1

[Event "14th Dubai Open 2012"]
[Site "Dubai UAE"]
[Date "2012.04.21"]
[Round "7.26"]
[White "Mohannad, Farhan"]
[Black "Ghaem Maghami, Ehsan"]
[Result "0-1"]
[WhiteTitle "FM"]
[BlackTitle "GM"]
[WhiteElo "2286"]
[BlackElo "2581"]
[WhiteFideId "8100918"]
[BlackFideId "12500739"]
[EventDate "2012.04.15"]

1. d4 Nf6 2. c4 e6 3. Nf3 d5 4. Nc3 dxc4 5. e4 Bb4 6. Bg5 h6 7. Bxf6 Qxf6 8.
Bxc4 c5 9. O-O cxd4 10. e5 Qd8 11. Ne4 O-O 12. Nxd4 Nd7 13. Nf3 Nb6 14. Qb3 Qe7
15. a3 Ba5 16. Nd6 Bd7 17. Bb5 Rab8 18. Rfd1 Rfd8 19. Rd4 Nd5 20. Rg4 Bc7 21.
Ne4 Bxb5 22. Qxb5 Bb6 23. Re1 Rbc8 24. Qb3 Qc7 25. Nf6+ Kf8 26. Nh7+ Ke7 27.
Rxg7 Qc2 28. Qxc2 Rxc2 29. Rf1 Nf4 30. Nf6 Rxf2 0-1

[Event "14th Dubai Open 2012"]
[Site "Dubai UAE"]
[Date "2012.04.22"]
[Round "8.5"]
[White "Andriasian, Zaven"]
[Black "Mchedlishvili, Mikheil"]
[Result "1/2-1/2"]
[WhiteTitle "GM"]
[BlackTitle "GM"]
[WhiteElo "2616"]
[BlackElo "2626"]
[WhiteFideId "13302000"]
[BlackFideId "13600966"]
[EventDate "2012.04.15"]

1. c4 e6 2. Nf3 Nf6 3. g3 d5 4. Bg2 dxc4 5. Qa4+ Nbd7 6. Qxc4 a6 7. Qc2 c5 8.
O-O b6 9. Nc3 Bb7 10. e4 Rc8 11. d3 Bd6 12. Qe2 Ne5 13. Ne1 Ned7 14. Nf3 Ne5 15.
Ne1 Ned7 16. Nf3 Ne5 17. Ne1 1/2-1/2

[Event "14th Dubai Open 2012"]
[Site "Dubai UAE"]
[Date "2012.04.22"]
[Round "8.9"]
[White "Petrosian, Tigran L."]
[Black "Kravtsiv, Martyn"]
[Result "1-0"]
[WhiteTitle "GM"]
[BlackTitle "GM"]
[WhiteElo "2643"]
[BlackElo "2588"]
[WhiteFideId "13301616"]
[BlackFideId "14113147"]
[EventDate "2012.04.15"]

1. b3 e5 2. Bb2 Nc6 3. e3 Nf6 4. Bb5 Bd6 5. Na3 e4 6. f4 a6 7. Bxc6 dxc6 8. Nc4
O-O 9. Ne2 a5 10. a4 Bb4 11. h3 Nd7 12. Nd4 Nb6 13. Nxb6 cxb6 14. O-O Qh4 15.
Qe2 Bd7 16. Kh2 Rad8 17. Rad1 h5 18. Kg1 Rfe8 19. Qf2 Qxf2+ 20. Kxf2 Be7 21. Bc3
b5 22. axb5 c5 23. Ne2 b6 24. Be5 Bxb5 25. Bc7 Rd7 26. Bxb6 a4 27. Ba5 axb3 28.
cxb3 Rb8 29. Bc3 Bd3 30. Ra1 Rxb3 31. Ra8+ Kh7 32. Rfa1 Rbb7 33. Rc8 Rb6 34.
Raa8 f5 35. Rg8 Bf6 36. g4 hxg4 37. hxg4 Kg6 38. Ng3 fxg4 39. f5+ Kg5 40. Ba5
Rb1 41. Rh8 Be5 42. Raf8 Bxg3+ 43. Kxg3 Rg1+ 44. Kh2 Rf1 45. Bd8+ Rxd8 46. Rxd8
Rf2+ 47. Kg1 g3 48. f6 Rxf6 49. Rdf8 Ra6 50. Rh7 g6 51. Rh3 c4 52. Kg2 Be2 53.
Rxg3+ Kh6 54. Rh3+ Kg7 55. Rd8 Ra2 56. Kg3 Bd3 57. Rh2 Kf6 58. Rd6+ Kg7 59. Rf2
Rb2 60. Rc6 Kh6 61. Rff6 Kg7 62. Rxg6+ Kf7 63. Rh6 Kg7 64. Rcg6+ Kf7 65. Rb6 1-0

[Event "14th Dubai Open 2012"]
[Site "Dubai UAE"]
[Date "2012.04.22"]
[Round "8.10"]
[White "Nitin, S."]
[Black "Ganguly, Surya Shekhar"]
[Result "0-1"]
[WhiteTitle "IM"]
[BlackTitle "GM"]
[WhiteElo "2420"]
[BlackElo "2633"]
[WhiteFideId "5018277"]
[BlackFideId "5002150"]
[EventDate "2012.04.15"]

1. e4 e6 2. d4 d5 3. Nc3 Bb4 4. e5 c5 5. a3 Bxc3+ 6. bxc3 Ne7 7. h4 Qa5 8. Bd2
Nbc6 9. h5 h6 10. Qg4 Nf5 11. Bd3 Rg8 12. Qh3 Qa4 13. Nf3 c4 14. Bxf5 exf5 15.
Ra2 Be6 16. Qh4 Kd7 17. O-O Rh8 18. Rb1 b6 19. Ne1 g5 20. Qh1 Qa5 21. a4 Nxd4
22. Rb4 Rac8 23. cxd4 c3 24. Nd3 cxd2 25. Kh2 Rc4 26. Rab2 Rhc8 27. Qd1 Rxb4 28.
Rxb4 Rc4 29. Qxd2 Rxb4 30. Nxb4 Ke8 31. c4 dxc4 32. d5 Bc8 33. f4 gxf4 34. Qxf4
Qxb4 35. Qxh6 c3 36. Qh8+ Qf8 37. Qf6 Qe7 38. h6 Qxf6 39. exf6 c2 40. h7 c1=Q
41. h8=Q+ Kd7 42. Qh7 Qc7+ 43. Kh1 Kd6 44. Qh2+ Kd7 45. Qh7 Qc1+ 46. Kh2 Qf4+
47. Kh1 Qf1+ 48. Kh2 Qf4+ 49. Kh1 Kd6 50. Qxf7 Qh4+ 51. Kg1 Qe1+ 52. Kh2 Qe5+
53. Kh1 f4 54. Qf8+ Kxd5 55. Qxc8 Qxf6 56. Qb7+ Kc5 57. Qc7+ Kb4 58. Qxa7 f3 59.
gxf3 Qxf3+ 60. Kg1 Qg4+ 61. Kf2 Qf5+ 62. Ke2 Qa5 63. Qe7+ Kxa4 64. Qe4+ Qb4 65.
Qa8+ Kb3 66. Qb8 b5 67. Kd1 Qd4+ 68. Kc1 Qd3 69. Qh2 Qc3+ 0-1

[Event "14th Dubai Open 2012"]
[Site "Dubai UAE"]
[Date "2012.04.22"]
[Round "8.11"]
[White "Zhou, Weiqi"]
[Black "Shyam, Nikil P."]
[Result "1/2-1/2"]
[WhiteTitle "GM"]
[BlackTitle "IM"]
[WhiteElo "2628"]
[BlackElo "2490"]
[WhiteFideId "8601674"]
[BlackFideId "5024218"]
[EventDate "2012.04.15"]

1. Nf3 Nf6 2. c4 e6 3. g3 d5 4. Bg2 dxc4 5. Qa4+ Nbd7 6. Qxc4 a6 7. Qc2 c5 8. d3
Be7 9. O-O O-O 10. Nc3 Ra7 11. Rd1 b5 12. a4 Rb7 13. axb5 axb5 14. Bg5 h6 15.
Bxf6 Bxf6 16. Ne4 Be7 17. d4 Qb6 18. dxc5 Nxc5 19. Nxc5 Bxc5 20. e3 Rc7 21. Qe2
Be7 22. Rac1 Rxc1 23. Rxc1 Bf6 24. b3 b4 25. Nd2 Ba6 26. Qf3 Bc3 27. Ne4 Bb7 28.
Nf6+ gxf6 29. Qxb7 Qxb7 30. Bxb7 Rd8 31. Ba6 Rd2 32. Bc4 Kg7 33. g4 f5 34. gxf5
exf5 35. Kg2 f4 36. Kf3 fxe3 37. Rg1+ Kf6 38. Kxe3 Rd8 39. Rg4 Re8+ 40. Kf3 Re5
41. Bd3 Ke7 42. Rh4 Re6 43. Bc4 Rf6+ 44. Ke3 Kf8 45. Re4 Rd6 46. h3 Rf6 47. Rg4
Rd6 48. Rh4 Rf6 49. Rh5 Rd6 50. Rb5 Bd4+ 51. Ke4 Bc3 52. Rb7 Rf6 53. f4 Bd2 54.
f5 Bc3 55. Rd7 Ke8 56. Rd3 Ke7 57. Rd5 Rd6 58. Rb5 Rd4+ 59. Kf3 Rd6 60. Kg4 Rf6
61. Rb8 Bd2 62. Rb5 Kf8 63. h4 Kg7 64. h5 Bc3 65. Kf4 Kf8 66. Ke4 Ke7 67. Rb8
Rd6 68. Bd5 Rd8 69. f6+ Bxf6 70. Rxb4 Bc3 71. Rb5 Rd6 72. Kd3 Be5 73. Ke4 Bb2
74. Rc5 Ba3 75. Rc2 Rf6 76. Rc7+ Kf8 77. Rb7 Bd6 78. Bc4 Rf4+ 79. Kd5 Be7 80. b4
Rf5+ 81. Kc6 Rxh5 82. Bd5 Rf5 83. b5 Rf6+ 84. Kc7 Bd6+ 85. Kc8 h5 86. Rd7 Bc5
87. Bc6 Rd6 88. Rxd6 Bxd6 89. Kd7 Bg3 90. Bf3 h4 91. Kc6 Ke7 92. Kd5 f5 93. Kd4
h3 94. Ke3 Bc7 95. Kf2 Kf6 96. b6 Bxb6+ 1/2-1/2

[Event "14th Dubai Open 2012"]
[Site "Dubai UAE"]
[Date "2012.04.22"]
[Round "8.16"]
[White "Ahmadinia, Ebrahim"]
[Black "Amin, Bassem"]
[Result "0-1"]
[WhiteTitle "IM"]
[BlackTitle "GM"]
[WhiteElo "2379"]
[BlackElo "2608"]
[WhiteFideId "12501891"]
[BlackFideId "10601457"]
[EventDate "2012.04.15"]

1. e4 c5 2. c3 g6 3. d4 cxd4 4. cxd4 d5 5. e5 Nc6 6. Nc3 Nh6 7. h3 Bg7 8. g4 f6
9. f4 O-O 10. Bg2 fxe5 11. fxe5 e6 12. Nf3 Rxf3 13. Bxf3 Qh4+ 14. Kf1 Qg3 15.
Rg1 Qxh3+ 16. Kf2 Qh2+ 17. Rg2 Qh4+ 18. Rg3 Nxd4 19. Qxd4 Nf5 20. Qf4 g5 21. Qa4
Qxg3+ 22. Ke2 Qxe5+ 23. Kf1 Nd6 24. Bd2 b5 25. Qc2 0-1

[Event "14th Dubai Open 2012"]
[Site "Dubai UAE"]
[Date "2012.04.22"]
[Round "8.17"]
[White "Kovchan, Alexander"]
[Black "Harutjunyan, Gevorg"]
[Result "1/2-1/2"]
[WhiteTitle "GM"]
[BlackTitle "GM"]
[WhiteElo "2598"]
[BlackElo "2455"]
[WhiteFideId "14103052"]
[BlackFideId "13300873"]
[EventDate "2012.04.15"]

1. e4 c6 2. d4 d5 3. Nc3 dxe4 4. Nxe4 Bf5 5. Ng3 Bg6 6. Nf3 Nd7 7. Bc4 e6 8. O-O
Ngf6 9. Re1 Be7 10. Nh4 Nb6 11. Bb3 c5 12. dxc5 Qxd1 13. Rxd1 Bxc5 14. Nxg6 hxg6
15. h3 a5 16. a4 O-O 17. Bg5 Rfd8 18. Kf1 Kf8 19. c3 Rac8 20. Ke2 Be7 21. Rxd8+
Rxd8 22. Rd1 Nfd5 23. Bc1 f5 24. Nf1 e5 25. g3 Nf6 26. Rxd8+ Bxd8 27. Nd2 Nfd7
28. g4 Nc5 29. Bc2 Nbxa4 30. gxf5 gxf5 31. Nc4 e4 32. f3 Bc7 33. fxe4 fxe4 34.
Be3 b5 35. Na3 b4 36. cxb4 axb4 37. Nb5 b3 38. Bxb3 Nxb3 39. Nxc7 Nxb2 40. Ne6+ 1/2-1/2

[Event "14th Dubai Open 2012"]
[Site "Dubai UAE"]
[Date "2012.04.22"]
[Round "8.18"]
[White "Ghaem Maghami, Ehsan"]
[Black "Akshayraj, Kore"]
[Result "1-0"]
[WhiteTitle "GM"]
[BlackTitle "IM"]
[WhiteElo "2581"]
[BlackElo "2422"]
[WhiteFideId "12500739"]
[BlackFideId "5012414"]
[EventDate "2012.04.15"]

1. c4 e5 2. Nc3 Nf6 3. g3 Bb4 4. Bg2 O-O 5. e4 d6 6. Nge2 Be6 7. d3 a6 8. O-O
Bc5 9. h3 b5 10. cxb5 axb5 11. d4 Bb6 12. Be3 c6 13. b3 Re8 14. Qc2 Qc7 15. Rad1
Ra6 16. Bg5 Qe7 17. f4 exd4 18. Nxd4 Qa7 19. Bxf6 gxf6 20. Qd2 Bd7 21. b4 Ra3
22. Rf3 f5 23. exf5 d5 24. Kh2 Kf8 25. g4 f6 26. Rg3 Re7 27. Nc2 Ra6 28. a3 Ke8
29. Ne2 Kd8 30. Ned4 Qc7 31. Kh1 Qd6 32. Re3 Rxe3 33. Qxe3 h5 34. g5 fxg5 35.
fxg5 Bc7 36. Kg1 Kc8 37. f6 Qh2+ 38. Kf1 Qd6 39. Nb3 Bf5 40. Ncd4 Bg6 41. Nc5
Ra7 42. h4 Na6 43. Qe6+ Qxe6 44. Ncxe6 Nb8 45. Nxc7 Kxc7 46. Bxd5 Rxa3 47. f7 1-0

[Event "14th Dubai Open 2012"]
[Site "Dubai UAE"]
[Date "2012.04.22"]
[Round "8.19"]
[White "Timoshenko, Georgy"]
[Black "Ezat, Mohamed"]
[Result "0-1"]
[WhiteTitle "GM"]
[BlackTitle "IM"]
[WhiteElo "2569"]
[BlackElo "2441"]
[WhiteFideId "14100118"]
[BlackFideId "10600906"]
[EventDate "2012.04.15"]

1. e4 c6 2. Nc3 d5 3. Nf3 dxe4 4. Nxe4 Nf6 5. Nxf6+ exf6 6. d4 Bd6 7. Bd3 O-O 8.
O-O Bg4 9. h3 Bh5 10. Be3 Nd7 11. c4 Re8 12. a3 c5 13. g4 Bg6 14. Bxg6 hxg6 15.
b4 cxd4 16. Bxd4 b6 17. Re1 Qc7 18. Rc1 a5 19. Qb3 axb4 20. axb4 Qb7 21. Kg2 Nf8
22. Rxe8 Rxe8 23. Be3 g5 24. Rd1 Ng6 25. Rd5 Qe7 26. c5 bxc5 27. bxc5 Bf4 28.
Qd3 Bxe3 29. fxe3 Qxe3 30. Qxe3 Rxe3 31. Kf2 Rc3 32. Rd8+ Kh7 33. Rc8 Nf4 34. c6
Nxh3+ 35. Ke2 Nf4+ 36. Kd2 Rxf3 37. c7 Ne6 38. Rh8+ Kxh8 39. c8=Q+ Kh7 40. Qb7
Rd3+ 41. Kc2 Kg8 42. Qe7 Rd4 43. Qe8+ Nf8 44. Qc8 g6 45. Kc3 Rf4 46. Qd8 Kg7 47.
Qd1 Ne6 48. Qe2 Nd4 49. Qg2 Nf3 50. Qe2 Ne5 0-1

[Event "14th Dubai Open 2012"]
[Site "Dubai UAE"]
[Date "2012.04.22"]
[Round "8.20"]
[White "Evdokimov, Alexander A."]
[Black "Roy Chowdhury, Saptarshi"]
[Result "1-0"]
[WhiteTitle "GM"]
[BlackTitle "IM"]
[WhiteElo "2555"]
[BlackElo "2405"]
[WhiteFideId "4139275"]
[BlackFideId "5002974"]
[EventDate "2012.04.15"]

1. d4 Nf6 2. c4 d6 3. Nf3 Nbd7 4. Nc3 e5 5. e4 Be7 6. Be2 O-O 7. O-O a6 8. Re1
c6 9. a3 Re8 10. Bf1 a5 11. Rb1 exd4 12. Nxd4 Bf8 13. b4 axb4 14. axb4 h6 15. h3
Nb6 16. Bf4 Nfd7 17. Qb3 Ne5 18. Rbd1 Nbd7 19. Bh2 Qf6 20. Na4 Qd8 21. Kh1 Qc7
22. f4 Ng6 23. Nf3 b6 24. Nc3 Qa7 25. Nd4 Bb7 26. Nf5 Qa3 27. Qxa3 Rxa3 28. Nxd6
Bxd6 29. Rxd6 Nf6 30. Rd3 Rb3 31. Nd5 cxd5 32. Rxb3 Nxe4 33. Kg1 dxc4 34. Bxc4
Nh4 35. Rb2 Rd8 36. Ba2 Kf8 37. Rc2 Rd7 38. Rec1 g6 39. f5 g5 40. Be5 f6 41. Bb2
Rd3 42. Bb1 Rg3 43. Kh2 Re3 44. Bd4 Ra3 45. Rc8+ 1-0

[Event "14th Dubai Open 2012"]
[Site "Dubai UAE"]
[Date "2012.04.22"]
[Round "8.21"]
[White "Ramnath Bhuvanesh, R"]
[Black "Arutinian, David"]
[Result "1/2-1/2"]
[WhiteTitle "IM"]
[BlackTitle "GM"]
[WhiteElo "2343"]
[BlackElo "2553"]
[WhiteFideId "5026598"]
[BlackFideId "13601741"]
[EventDate "2012.04.15"]

1. e4 c5 2. Nf3 e6 3. d4 cxd4 4. Nxd4 a6 5. Be2 Nf6 6. Nc3 Bb4 7. e5 Nd5 8. O-O
Nxc3 9. bxc3 Bxc3 10. Ba3 Qa5 11. Bd6 Nc6 12. Nxc6 dxc6 13. f4 Qd5 14. Rb1 Qxd1
15. Rfxd1 a5 16. a4 Bb4 17. Rb3 Bd7 18. c3 Bxd6 19. exd6 Ra7 20. Rdb1 b5 21.
axb5 cxb5 22. Bxb5 Bxb5 23. Rxb5 Kd7 24. Rb7+ Rxb7 25. Rxb7+ Kxd6 26. Ra7 1/2-1/2

[Event "14th Dubai Open 2012"]
[Site "Dubai UAE"]
[Date "2012.04.22"]
[Round "8.22"]
[White "Lalith, Babu M.R."]
[Black "Vishnu Prasanna, V"]
[Result "1-0"]
[WhiteTitle "IM"]
[BlackTitle "IM"]
[WhiteElo "2532"]
[BlackElo "2406"]
[WhiteFideId "5024595"]
[BlackFideId "5030692"]
[EventDate "2012.04.15"]

1. d4 Nf6 2. Nf3 g6 3. c4 Bg7 4. Nc3 O-O 5. Bg5 c5 6. d5 b5 7. d6 Qa5 8. dxe7
Re8 9. Nd2 Nc6 10. e3 Nxe7 11. Qf3 b4 12. Nb5 Qb6 13. Qxa8 a6 14. Qa7 Qxa7 15.
Nxa7 Bb7 16. Bxf6 Bxf6 17. O-O-O Nf5 18. Nb3 d6 1-0

[Event "14th Dubai Open 2012"]
[Site "Dubai UAE"]
[Date "2012.04.22"]
[Round "8.23"]
[White "Al Qudaimi, Basheer"]
[Black "Grover, Sahaj"]
[Result "0-1"]
[WhiteTitle "IM"]
[BlackTitle "IM"]
[WhiteElo "2395"]
[BlackElo "2517"]
[WhiteFideId "9400346"]
[BlackFideId "5021103"]
[EventDate "2012.04.15"]

1. d4 e6 2. Nf3 Nf6 3. g3 b5 4. Bg2 d5 5. Ne5 c5 6. c3 Bb7 7. a4 b4 8. a5 Nfd7
9. Qa4 Bd6 10. Bf4 Bxe5 11. Bxe5 Bc6 12. Qb3 Nxe5 13. dxe5 Nd7 14. f4 Rb8 15.
Qc2 Rb5 16. Nd2 bxc3 17. bxc3 Rxa5 18. O-O O-O 19. e4 Qb6 20. exd5 c4+ 21. Kh1
Bxd5 22. Bxd5 Rxa1 23. Rxa1 exd5 24. Nf3 Qe3 25. Nd4 Nc5 26. Rxa7 Ne4 27. Ra3
Qe1+ 28. Kg2 Nd2 29. Kh3 Qf1+ 30. Kh4 Qg2 31. Qf5 Qxh2+ 32. Qh3 Qf2 33. Ra5 h6
34. Rxd5 Ne4 35. e6 g5+ 36. Kh5 Kg7 37. fxg5 hxg5 38. Nf5+ Kf6 39. Nh6 Nxg3+ 0-1